000 00739nab a2200229 u 4500
001 16003
003 HDC
007 cr bn ---aaaaa
008 210220c20070809xx dr|noo 0 a eng d
040 _aHDC
245 0 _aHalal Thai Food for Time-Strapped Canadians
260 _a[No place] :
_b[publisher not identified],
_c2009
336 _atext
_2rdacontent
337 _acomputer
_2rdamedia
338 _aonline resource
_2rdacarrier
650 _ahalal food
_950
650 _aThai food
_915976
856 _zRequest full-text at [email protected]
942 _2lcc
942 _cNEWS
942 _kNWSO 005621
999 _c13319
_d13319